Can You Name The 17 US State Capitals That Are Also The States Most Populous Cities - Statistics

General Stats
  • This quiz has been taken 61 times
  • The average score is 13 of 17
Answer Stats
Answer % Correct
Phoenix
97%
Atlanta
86%
Boston
86%
Denver
84%
Salt Lake City
83%
Honolulu
81%
Oklahoma City
81%
Boise
78%
Indianapolis
78%
Jackson
78%
Little Rock
76%
Des Moines
74%
Columbus
69%
Providence
67%
Cheyenne
66%
Columbia
57%
Charleston
52%
No matching quizzes found
Score Distribution
Percent of People with Each Score
Percentile by Number Answered
Your Score History
You have not taken this quiz